| 000 | 00477nam a22001337a 4500 | ||
|---|---|---|---|
| 008 | 160314b xxu||||| |||| 00| 0 eng d | ||
| 040 |
_aKabarak University Library _cKabarak University Library |
||
| 100 | _aMusila Godfrey M. | ||
| 245 |
_aHandbook on Election Disputes in Kenya _bContext LegalFramework Jurisprudence |
||
| 260 |
_aKenya _bLaw Society of Kenya _c2013 |
||
| 300 | _aix,195p. | ||
| 650 |
_acontested elections _xKenya |
||
| 942 |
_2lcc _cAFRI _kAfr KSK2176 .H36 2013 C.1 |
||
| 999 |
_c15764 _d15764 |
||